000 00789pam a2200253 a 4500
999 _c3742
_d3742
001 3313036
003 GBCCL
005 20241126110502.0
008 840105s1984 tnu b 000 0 eng
010 _a 84001946
020 _a0840753268 :
_c$11.95
040 _aDLC
_cDLC
_dDLC
050 0 0 _aBS1430.2
_b.O36 1984
082 0 0 _a223.206
_219
_bOGI
100 1 _aOgilvie, Lloyd John.
_9551
245 1 0 _aFalling into greatness /
_cby Lloyd John Ogilvie.
260 _aNashville :
_bT. Nelson,
_cc1984.
300 _a220 p. ;
_c24 cm.
504 _aIncludes bibliographical references.
630 0 0 _aBible.
_pPsalms
_xCriticism, interpretation, etc.
_92721
650 0 _aChristian life
_xPresbyterian authors.
_9552
906 _a7
_bcbc
_corignew
_d1
_eocip
_f19
_gy-gencatlg
942 _2ddc
_cBK